[Event "BCF-chT4a 0405 (4NCL)"]
[Site "Telford"]
[Date "2004.11.07"]
[Round "2.3"]
[White "Gough, Michael J"]
[Black "McCarthy, J Nimai"]
[Result "1/2-1/2"]
[WhiteElo "2166"]
[BlackElo "1995"]
[PlyCount "32"]
[EventDate "2004.11.06"]
[EventType "team"]
[EventRounds "11"]
[EventCountry "ENG"]
[SourceTitle "EXT 2006"]
[Source "ChessBase"]
[SourceDate "2005.11.24"]
[SourceVersion "1"]
[SourceVersionDate "2005.11.24"]
[SourceQuality "1"]
[WhiteTeam "Slough Sharks II"]
[BlackTeam "Slough Sharks IV"]
[WhiteTeamCountry "ENG"]
[BlackTeamCountry "ENG"]

1. d4 Nf6 2. c4 Nc6 3. Nf3 e6 4. a3 d6 5. Nc3 g6 6. e4 Bg7 7. d5 Ne5 8. Nd4 c5 9. dxc6 Nxc6 10. Ndb5 0-0 11. Qxd6 Qxd6 12. Nxd6 Nd4 13. Rb1 Nc2+ 14. Ke2 Nd4+ 15. Ke1 Nc2+ 16. Ke2 Nd4+ 1/2-1/2